00722nam a2200241 a 4500001001300000003000900013005001700022008004100039020001000080082002000090100002000110245005600130260003200186300000900218500003500227505001000262650003700272700002000309902000800329942000700337952012100344999001500465nice12345678IN_TiNIC20260116012318.0050524s1984 dela grp 000 0 eng  ac17500a330.10297bAHM2 aAhmed, Khurshid aFirst International Conference on Islamic Economics aDelhibAmar Prakashanc1984 a390p aincludes index and biblioraphy2 aindex aEconomics-Religious Aspect-Islam1 aAhmed, Khurshid bSRS cBK 001040708StackRoom-aHMIbHMId2007-04-25g175.00l0o330.10297 AHM2p014198r2007-04-25v175.00w2005-05-24yBK c6507d6507